Statistiken für Dinge die mit Y anfangen (Kenshin Edition)

Klicken Sie hier um das Quiz zu spielen!

Allgemein

  • Dieses Quiz wurde 129 mal gespielt
  • Das Durchschnittsergebnis liegt bei 8 aus 16

Antwortstatistiken

Antwort% Korrekt
Yoga
98%
Yacht
95%
Yeti
94%
YouTube
93%
Yak
92%
Yoyo
92%
York
82%
Yorkshire Terrier
56%
Yamaha
42%
Yokohama
35%
Yangon
21%
Ybbs an der Donau
19%
Yakuza
18%
Your Name.
4%
Yakitori
3%
Yoruba
1%

Verteilung der Resultate

Perzentil nach korrekt beantworteten Fragen

Anzahl Personen mit jedem Resultat

Ihre Resultats-Entwicklung

Sie haben dieses Quiz noch nicht gespielt